| 000 | 00571nam a2200193Ia 4500 | ||
|---|---|---|---|
| 003 | GCL | ||
| 008 | 140319s9999 xx 000 0 ara d | ||
| 040 |
_aGCL / _cGCL |
||
| 082 | 0 | 4 |
_a823.01 _bك ا |
| 100 | 1 | _aكالدويل، ارسكين | |
| 245 | 1 | 0 |
_aالازهار البريئة وقصص اخرى / _cكالدويل، ارسكين |
| 700 | 1 | _aعلى الحلى | |
| 300 | _a170 ص | ||
| 490 | _a | ||
| 650 | 0 | 4 | _aالقصص القصيرة |
| 650 | 0 | 4 | _aالادب الامريكى المترجم |
| 650 | 0 | 4 | _aالقصص الامريكية |
| 942 |
_2ddc _cBK |
||
| 999 |
_c39877 _d39877 |
||